MARC details
| 000 -LEADER |
| fixed length control field |
00826cab a22001815a 4500 |
| 001 - CONTROL NUMBER |
| control field |
L143494 |
| 008 - FIXED-LENGTH DATA ELEMENTS--GENERAL INFORMATION |
| fixed length control field |
080514e2008 xxk f 000 0 eng d |
| 035 ## - SYSTEM CONTROL NUMBER |
| System control number |
(Sirsi) u143494 |
| 041 0# - LANGUAGE CODE |
| Language code of text/sound track or separate title |
eng |
| 245 00 - TITLE STATEMENT |
| Title |
Modern arts |
| 260 ## - PUBLICATION, DISTRIBUTION, ETC. |
| Date of publication, distribution, etc. |
2008 |
| 490 #0 - SERIES STATEMENT |
| Series statement |
Building Services Journal |
| Volume/sequential designation |
30(5) May 2008, 37-40(4) |
| 520 ## - SUMMARY, ETC. |
| Summary, etc. |
Reports on the transformation of Sheffield University's Arts Tower into Sheffield's most environmentally efficient building, with a BREEAM rating of over 80. Looks at the five proposed refurbishment options and their carbon footprint scores, and explains how the existing cladding system was reused with near-invisible facade engineering. Also discusses the building's ventilation. |
| 590 ## - LOCAL NOTE (RLIN) |
| Local note |
KA |
| 651 #4 - SUBJECT ADDED ENTRY--GEOGRAPHIC NAME |
| Geographic name |
United Kingdom |
| Chronological subdivision |
|
| 690 ## - LOCAL SUBJECT ADDED ENTRY--TOPICAL TERM (OCLC, RLIN) |
| Topical term or geographic name as entry element |
BUILT ENVIRONMENT-SUSTAINABLE CONSTRUCTION |
| 942 ## - ADDED ENTRY ELEMENTS (KOHA) |
| Suppress in OPAC |
0 |